Villes de France où il pleut le plus - Statistiques

Statistiques générales
  • Ce quiz a été pris 244 fois
  • Le résultat moyen est 7 sur 12
Statistiques - réponses
Hauteur de pluie annuelle (en mm) Réponse % Correct
1210 Brest
92%
743 Lille
89%
637 Paris
81%
944 Bordeaux
63%
851 Rouen
62%
665 Strasbourg
60%
832 Lyon
58%
638 Toulouse
46%
733 Nice
38%
1023 Limoges
34%
1451 Biarritz
33%
688 Le Mans
30%
Aucun quiz correspondant
Distribution des résultats
% des personnes avec chaque résultat
Percentile par nombre de réponses
Votre historique - résultats
Vous n’avez pas pris ce quiz